Üçüncü adam: (Record no. 14071)
[ view plain ]
| 000 -BAŞLIK | |
|---|---|
| Sabit Uzunlukta Kontrol Alanı | 00731nam a22002177a 4500 |
| 999 ## - SİSTEM KONTROL NUMARALARI (KOHA) | |
| Koha Biblionumber | 14071 |
| Koha Biblioitemnumber | 14071 |
| 003 - KONTROL NUMARASI IDENTIFIER | |
| Denetim Alanı | MIRAKIL |
| 005 - SON İŞLEM TARİHİ VE ZAMANI | |
| Denetim Alanı | 20200921133752.0 |
| 008 - SABİT-BOY VERİ ELEMANLARI - GENEL BİLGİLER | |
| Sabit Uzunlukta Kontrol Alanı | 200921b tu ||||| |||| 00| 0 tur d |
| 040 ## - KATALOGLAMA KAYNAK | |
| Orijinal Kataloglama Ajansı | TR-AnCHP |
| Metne Dönüştürmek Ajansı | TR-AnCHP |
| 041 ## - DİL KODU | |
| Metin / Ses Parça Veya Ayrı Başlığın Dil Kodu | tur |
| 082 ## - DEWEY ONLU SINIFLANDIRMA NUMARASI | |
| Sınıflandırma Numarası | 923.2561 Ecevit, B. |
| Ürün Numarası | A47ü 19774 |
| 100 ## - ANA GİRİŞ - KİŞİSEL İSİM | |
| Kişisel Ad | Altan, Semih |
| 245 10 - BAŞLIK TABLOSU | |
| Başlık | Üçüncü adam: |
| Başlığın Kalan | Belgesel roman / |
| Sorumluluk Tablosu, Vb | Semih Altan. |
| 250 ## - EDITION TABLOSU | |
| Baskı Beyanı | 5 bs. |
| 260 ## - YAYIN, DAĞITIM, VB | |
| Yayın, Dağıtım, Vb Yeri | İstanbul: |
| Yayıncı, Dağıtıcı, Vs Adı | Birlik Yayınları, |
| Yayın, Dağıtım, Vb Tarihi | 1974. |
| 300 ## - FİZİKSEL TANIM | |
| Kapsam | 208 s.: |
| Boyutlar | 19 sm. |
| 500 ## - GENEL NOT | |
| Genel Not | Kapakta yapıt adı : C.İ.A.nın namlusunda üçüncü adam. |
| 600 14 - KONU KATMA GİRİŞ - KURUMSAL ADI | |
| 9 (RLIN) | 1370 |
| Kişisel Ad | Ecevit, Bülent |
| Başlıklar Ve Bir Adla İlişkili Diğer Kelimeler | Türkiye Cumhuriyeti Başbakanı |
| Bir Adıyla İlişkilendirilen Tarihler | 1925-2006 |
| Genel Alt Bölümü | yaşamöyküsü |
| 650 #0 - KONU KATMA GİRİŞ - TOPİKAL DÖNEM | |
| 9 (RLIN) | 5055 |
| Topikal Süreli Veya Coğrafi Ad Giriş Elemanı | Siyasetçiler |
| Genel Alt Bölümü | Yaşamöyküsü |
| Coğrafi Alt Bölümü | Türkiye |
| 942 ## - EKLENDİ GİRİŞ ELEMANLARI (KOHA) | |
| Sınıflandırma Veya Raf Düzeni Kaynak | Dewey Decimal Classification |
| Koha Öğesi Türü | Books |
| Kalıcı Konum | Mevcut Konum | Edinme Tarihi | Toplam Check-Out'Lar | Tam Çağrı Numarası | Barkod | Tarih Son Görülme | İtibaren Geçerli Fiyatlar | Sigara Kamu Notu | Koha Öğesi Türü |
|---|---|---|---|---|---|---|---|---|---|
| CHP Kütüphanesi | CHP Kütüphanesi | 09/21/2020 | 923.2561 Ecevit, B. A47ü 1974 | 019576 | 09/21/2020 | 09/21/2020 | Emine Başak Alkan Bağışıdır. | Books | |
| Parti Okulu Kütüphanesi | Parti Okulu Kütüphanesi | 08/13/2021 | 923.2561 Ecevit, B. A47ü 1974 | P00840 | 08/13/2021 | 08/13/2021 | Emin Değer Bağışıdır. | Books |
